000 00551nam a22002057a 4500
003 OSt
005 20240320164107.0
008 240320b |||||||| |||| 00| 0 eng d
020 _a8184484577
040 _cNLM
082 _2QS4 K571t 2009
100 _aKadasne, D.K.
_912374
245 _aKadasne's Textbook of Anatomy: (clinically oriented) head, neck, face, brain
250 _aVol.3
260 _aNew Delhi; Jaypee, 2009
300 _axiv,1079p; col.ill: 27.5cm
504 _aIndex included
650 _aAnatomy
_9124
942 _2z
_cB_BANK
999 _c8277
_d8277